[Event "Masters"]
[Site "Abu Dhabi UAE"]
[Date "2005.08.20"]
[Round "6"]
[White "Coleman,J"]
[Black "Marwan,A"]
[Result "1/2-1/2"]
[WhiteElo "2206"]
[BlackElo "1983"]

1.d4 Nf6 2.Bg5 e6 3.e3 h6 4.Bh4 b6 5.Nf3 Bb7 6.Nbd2 Be7 7.Bd3 d5 8.Ne5 O-O
9.f4 c5 10.c3 Qc7 11.Qf3 Ne4 12.Bxe7 Nxd2 13.Kxd2 Qxe7 14.g4 Nd7 15.Nxd7 Qxd7
16.g5 f5 17.gxh6 gxh6 18.Rhg1+ Kh7 19.Rg3 Qf7 20.Rag1 Rg8 21.Be2 Bc6 22.Qg2 cxd4
23.exd4 Rxg3 24.hxg3 Rg8 25.Qh3 Qf6 26.Bd3 Kg7 27.Re1 Kf8 28.Re5 b5 29.Bxf5 Rxg3
30.Qxg3 exf5 31.Qh3 Bd7 32.Rxd5 Qe6 33.Re5 Qg6 34.Re2 Bc6 35.Qe3 Be4 36.d5 Qd6
37.Qxa7 Qxf4+ 38.Qe3 Qd6 39.Kc1 Kf7 40.Qa7+ Kg6 41.Qg1+ Kf7 42.Qh2 Qxd5 43.b3 Qd3
44.Kb2 b4 45.cxb4 Qd4+ 46.Kc1 Qc3+ 47.Rc2 Bxc2 48.Qxc2 Qa1+ 49.Kd2 Qd4+ 50.Qd3 Qxb4+
51.Ke3 Qe1+ 52.Qe2 Qxe2+ 53.Kxe2 Ke6 54.Ke3 h5 55.a4 Kd5 56.a5  1/2-1/2

[Event "8th Open"]
[Site "Banyoles ESP"]
[Date "2005.08.20"]
[Round "4"]
[White "Mundet,J"]
[Black "Ermenkov,E"]
[Result "0-1"]
[WhiteElo "2159"]
[BlackElo "2478"]

1.d4 Nf6 2.Bg5 e6 3.Nf3 c5 4.c3 b6 5.e3 Bb7 6.Nbd2 Be7 7.Bd3 cxd4 8.exd4 d6
9.Qe2 Nbd7 10.O-O O-O 11.Rfe1 Re8 12.Bh4 Qc7 13.Bg3 Nh5 14.Ne4 Nxg3 15.hxg3 Nf6
16.Neg5 g6 17.Bb5 Bc6 18.Bxc6 Qxc6 19.Rad1 Bf8 20.Ne4 Nxe4 21.Qxe4 Qxe4 22.Rxe4 d5
23.Re2 Rec8 24.Ne1 b5 25.Nd3 a5 26.Kf1 Rc7 27.a3 b4 28.axb4 axb4 29.Nxb4 Bxb4
30.cxb4 Rb8 31.Red2 Rxb4 32.Ke2 Rcc4 33.Ke3 Rb3+ 34.Ke2 h5 35.Rb1 Kg7 36.Rd3 Rbb4
37.Ke3 Kf6 38.b3 Rc2 39.Kf3 g5 40.Ke3 Kf5 41.Rdd1 g4 42.Rd3 e5 43.Rdd1 e4
44.Rd2 Rc3+ 45.Ke2 Rcxb3 46.Rxb3 Rxb3 47.Rc2 Rd3 48.Rd2 Rxd2+ 49.Kxd2 Kg5
50.Ke2 h4 51.gxh4+ Kxh4 52.Ke3 Kg5 53.g3 f5 54.Ke2 f4 55.Kf1 Kf5 56.Ke2 e3
57.f3 gxf3+ 58.Kxf3 fxg3 59.Kxe3 Kg4  0-1

[Event "Masters"]
[Site "Abu Dhabi UAE"]
[Date "2005.08.21"]
[Round "7"]
[White "Dobrov,V"]
[Black "Toufighi,H"]
[Result "1-0"]
[WhiteElo "2535"]
[BlackElo "2170"]

1.d4 Nf6 2.Bg5 e6 3.Nf3 c5 4.e3 Nc6 5.Nbd2 d5 6.c3 Bd6 7.Bd3 O-O 8.O-O e5
9.dxe5 Nxe5 10.Nxe5 Bxe5 11.f4 Bd6 12.e4 dxe4 13.Bxf6 gxf6 14.Nxe4 Be7 15.Qf3 Kh8
16.Ng3 c4 17.Bxc4 b5 18.Bd5 Rb8 19.Rad1 Rg8 20.h3 Qc7 21.Kh2 Be6 22.Qe4 Rb6
23.Nf5 Bf8 24.Rf3 Qd7 25.Bxe6 Qxe6 26.Re3 Qxa2 27.Rd8 Qe6 28.Qd3 Qc6 29.Rg3  1-0

[Event "2nd Dato' Arthur Tan Malaysian Open"]
[Site "Kuala Lumpur MAS"]
[Date "2005.08.23"]
[Round "6"]
[White "Prayitno,S"]
[Black "Mendoza,B"]
[Result "1-0"]
[WhiteElo "2333"]
[BlackElo "2140"]

1.d4 Nf6 2.Bg5 e6 3.e4 h6 4.Bxf6 Qxf6 5.Nc3 b6 6.Qd2 Bb7 7.a3 a6 8.e5 Qd8
9.f4 d6 10.Bd3 Qh4+ 11.g3 Qh5 12.Ne4 Nd7 13.h3 f5 14.exf6 gxf6 15.Rh2 f5
16.Nf2 O-O-O 17.Be2 Qg6 18.g4 e5 19.Nf3 Qf6 20.O-O-O Bg7 21.g5 hxg5 22.fxg5 Qf7
23.d5 e4 24.Ne1 Qe7 25.Ng2 Qe5 26.Rdh1 Qxb2+ 27.Kd1 Qa1+ 28.Qc1 Qd4+ 29.Ke1 Qc3+
30.Kf1 Be5 31.h4 Bxh2 32.Rxh2 Ne5 33.Rh3 Qc5 34.Nf4 Bxd5 35.h5 Bc4 36.g6 Bxe2+
37.Nxe2 Ng4 38.Qf4 Nxf2 39.Qxf2 Qxf2+ 40.Kxf2 Rh6 41.Kg3 Rdh8 42.Nf4 e3 43.Kh4 d5
44.Rxe3  1-0

[Event "13th Open"]
[Site "Nikaia GRE"]
[Date "2005.08.24"]
[Round "2"]
[White "Goritsas,C"]
[Black "Tsiropoulas,A"]
[Result "1/2-1/2"]
[WhiteElo "2260"]
[BlackElo "1937"]

1.d4 Nf6 2.Bg5 e6 3.e4 Be7 4.Nd2 d5 5.Bxf6 Bxf6 6.Ngf3 O-O 7.e5 Be7 8.Bd3 c5
9.dxc5 Bxc5 10.O-O Nc6 11.c3 f6 12.Nb3 Bb6 13.Qe2 fxe5 14.Nxe5 Nxe5 15.Qxe5 Bc7
16.Qh5 g6 17.Bxg6 hxg6 18.Qxg6+ Kh8 19.Qh6+ Kg8 20.Qg6+  1/2-1/2

[Event "2nd Dato' Arthur Tan Malaysian Open"]
[Site "Kuala Lumpur MAS"]
[Date "2005.08.26"]
[Round "11"]
[White "Koneru,C"]
[Black "Wan Khye Theng"]
[Result "1-0"]
[WhiteElo "2235"]
[BlackElo "1911"]

1.d4 Nf6 2.Bg5 e6 3.Nd2 Be7 4.e3 d5 5.Bd3 Nbd7 6.f4 c5 7.c3 b6 8.Nh3 Bb7
9.Nf2 h6 10.Bh4 Qc7 11.Qf3 O-O-O 12.O-O Rdg8 13.Bg3 Bd6 14.e4 dxe4 15.Nfxe4 Nxe4
16.Bxe4 Nf6 17.Bxb7+ Qxb7 18.Nc4 Bc7 19.dxc5 Qxf3 20.Rxf3 bxc5 21.Ne5 Rf8
22.Re1 g6 23.Bh4 Nd7 24.Be7 Re8 25.Nxf7 Rh7 26.Nd6+ Bxd6 27.Bxd6 Rf7 28.Rfe3 Rf6
29.b4 cxb4 30.cxb4 Kb7 31.Rc3 Rc8 32.Rxc8 Kxc8 33.Rc1+ Kd8 34.Rc7 Rf7 35.Rxa7  1-0

[Event "13th Open"]
[Site "Nikaia GRE"]
[Date "2005.08.28"]
[Round "7"]
[White "Gogolis,A"]
[Black "Kakkanas,E"]
[Result "1/2-1/2"]
[WhiteElo "2272"]
[BlackElo "2085"]

1.d4 Nf6 2.Bg5 e6 3.e4 h6 4.Bxf6 Qxf6 5.c3 d6 6.Bd3 g6 7.Ne2 Bg7 8.O-O O-O
9.f4 c5 10.Nd2 cxd4 11.cxd4 Nc6 12.Nf3 Qd8 13.Qb3 Qb6 14.Qxb6 axb6 15.a3 Bd7
16.Rac1 Rfc8 17.Rc2 Ne7 18.Rfc1 Rxc2 19.Rxc2 Rc8 20.Rxc8+ Nxc8 21.Nc3 Kf8
22.Kf2 Ke7 23.Ke3 Bc6 24.g4 Kd8 25.h4 Ne7 26.g5 h5 27.Nd2 d5 28.e5 Nc8 29.Nf1 Bf8
30.Ng3 Ne7 31.Be2 Ke8 32.Bf3 Kd8 33.Be2 Kc7 34.Nb5+ Bxb5 35.Bxb5 Kd8 36.Bd3 Nc6
37.Ne2 Be7 38.Nc3 Nxd4 39.b4 Nc6 40.Nb5 Kd7 41.Nd4 Nxd4 42.Kxd4 Bd8 43.Bb5+ Ke7
44.Kc3 Bc7 45.Kb3 Bd8 46.Ka4 Bc7 47.Bd3 Bd8 48.Bb5 Bc7 49.Kb3 Bd8 50.Kc3 Bc7
51.Kd4 Bd8 52.Be2 Bc7 53.Bd3 Bd8 54.Bb5 Bc7 55.Be2 Bd8 56.f5 exf5 57.Kxd5  1/2-1/2

[Event "4th Open"]
[Site "Lahijan IRI"]
[Date "2005.08.30"]
[Round "7"]
[White "Guseinov,El"]
[Black "Moradi,B"]
[Result "1-0"]
[WhiteElo "2373"]
[BlackElo "2260"]

1.d4 Nf6 2.Bg5 e6 3.e4 h6 4.Bxf6 Qxf6 5.Nc3 d6 6.Qd2 Qd8 7.O-O-O Be7 8.f4 a6
9.Nf3 Nd7 10.Kb1 b5 11.f5 exf5 12.exf5 Nf6 13.Bd3 Bb7 14.Qf4 Qd7 15.Rhe1 O-O-O
16.d5 Rhe8 17.Qd4 Kb8 18.a4 bxa4 19.Qb4 c5 20.dxc6 Qxc6 21.Nd4 Qc5 22.Qxa4 Qb6
23.Bxa6 Qxa6 24.Qxa6 Bxa6 25.Rxe7 Rxe7 26.Nc6+ Kc7 27.Nxe7 Bb7 28.Ned5+ Nxd5
29.Nxd5+ Kd7 30.Nb6+ Ke7 31.Nc4 Be4 32.g4 d5 33.Nd2 Re8 34.Nxe4 dxe4 35.c3  1-0

[Event "4th Open"]
[Site "Lahijan IRI"]
[Date "2005.09.01"]
[Round "9"]
[White "Moosavian,S"]
[Black "Ibrahimov,R"]
[Result "0-1"]
[WhiteElo "2239"]
[BlackElo "2525"]

1.d4 Nf6 2.Bg5 e6 3.e4 c5 4.e5 h6 5.Bc1 Nh7 6.dxc5 Nc6 7.f4 Bxc5 8.Nf3 d6
9.Bd3 dxe5 10.fxe5 Ng5 11.Nbd2 Bd7 12.c3 Qc7 13.Qe2 a6 14.b4 Nxf3+ 15.Nxf3 Bb6
16.Bb2 a5 17.b5 Ne7 18.c4 a4 19.Nd2 a3 20.Bc3 Nd5 21.Rc1 Nxc3 22.Rxc3 Bd4
23.Nb1 Bxb5 24.Rxa3 Rxa3 25.Nxa3 Bc6 26.Nb5 Bxb5 27.cxb5 Qc3+ 28.Qd2 Qa1+
29.Qd1 Qxa2 30.Qg4 Bc3+ 31.Kf1 Qa1+ 32.Ke2 Qxh1 33.Qxg7 Qe1+  0-1

[Event "FSIMB September"]
[Site "Budapest HUN"]
[Date "2005.09.03"]
[Round "1"]
[White "Mihok,L"]
[Black "Farago,S"]
[Result "0-1"]
[WhiteElo "2201"]
[BlackElo "2284"]

1.d4 Nf6 2.Bg5 e6 3.e4 h6 4.Bxf6 Qxf6 5.Nc3 Bb4 6.Qd2 Nc6 7.a3 Ba5 8.Nf3 e5
9.b4 Bb6 10.Nd5 Qg6 11.Nxb6 Qxe4+ 12.Qe2 Qxe2+ 13.Bxe2 axb6 14.dxe5 Nxb4
15.Kd2 Nc6 16.Bb5 O-O 17.Rhe1 Rd8 18.Kc3 Kf8 19.Re4 d5 20.exd6 Rxd6 21.Ra4 Rxa4
22.Bxa4 Bf5 23.Nd2 Nd4 24.Nc4 Rd8 25.Ne3 Be6 26.Rd1 c5 27.Bb3 Nb5+ 28.Kb2 Rxd1
29.Nxd1 c4 30.Ba4 Nd6 31.c3 b5 32.Bc2 Bf5 33.Ne3 Bd3 34.Nd5 Ke8 35.Kc1 Bxc2
36.Kxc2 Kd7 37.Kd2 Kc6 38.Ne7+ Kb6 39.f3 Ka5 40.Kc2 Ka4 41.Kb2 f5 42.g3 g5
43.h3 h5 44.Nd5 Ne8 45.Nb6+ Ka5 46.Nd5 Ng7 47.Nf6 Kb6 48.g4 fxg4 49.fxg4 h4
50.Kc2 Ne6 51.Ne4 Kc6 52.Kd2 Kd5 53.Ke3 Ke5 54.Kf3 b6 55.Ke3 Nf4 56.Nxg5 Nd5+
57.Kd2 Kf4 58.Ne6+ Kg3 59.g5 Kxh3 60.g6 Kg3 61.g7 Nf6 62.Ke2 h3 63.Ng5 Kg2
64.Ne4 Ng8 65.Nf2 h2 66.Ke3 Ne7 67.Nh1 Nf5+ 68.Ke2 Nxg7 69.Nf2 Nf5  0-1

[Event "Paul Keres Mem A"]
[Site "Tallinn EST"]
[Date "2005.09.03"]
[Round "8"]
[White "Kanep,M"]
[Black "Smirnov,Arte"]
[Result "1-0"]
[WhiteElo "2491"]
[BlackElo "2405"]

1.d4 Nf6 2.Bg5 e6 3.e4 h6 4.Bxf6 Qxf6 5.c3 d6 6.Bd3 g6 7.Ne2 Bg7 8.O-O e5
9.f4 Qe7 10.f5 O-O 11.Qb3 Qg5 12.Rf3 Kh7 13.Na3 Nd7 14.Raf1 Nf6 15.Ng3 h5
16.Bc4 d5 17.Bxd5 Nxd5 18.Qxd5 c6 19.Qc4 Bd7 20.dxe5 h4 21.Ne2 gxf5 22.exf5 Bxe5
23.Rh3 b5 24.Rxh4+ Kg7 25.Qe4 Kf6 26.Ng3 Rh8 27.Re1 Qxh4 28.Qxe5+ Kg5 29.Qg7+  1-0

[Event "FSIMB September"]
[Site "Budapest HUN"]
[Date "2005.09.04"]
[Round "2"]
[White "Brustkern,J"]
[Black "Hardarson,R"]
[Result "1/2-1/2"]
[WhiteElo "2250"]
[BlackElo "2361"]

1.d4 Nf6 2.Bg5 e6 3.e4 h6 4.Bxf6 Qxf6 5.Qd2 d6 6.Nc3 a6 7.f4 Qe7 8.Nf3 g6
9.O-O-O Bg7 10.Kb1 b5 11.f5 b4 12.Ne2 exf5 13.exf5 Bxf5 14.Ng3 O-O 15.Nxf5  1/2-1/2

[Event "OCF Masters"]
[Site "Tulsa USA"]
[Date "2005.09.04"]
[Round "5"]
[White "Luther,R"]
[Black "Gossell,T"]
[Result "0-1"]
[WhiteElo "2225"]
[BlackElo "2209"]

1.d4 Nf6 2.Bg5 e6 3.e4 h6 4.Bxf6 Qxf6 5.Nf3 d5 6.e5 Qd8 7.Bd3 c5 8.c3 Nc6
9.dxc5 Bxc5 10.b4 Be7 11.O-O O-O 12.Re1 f6 13.Qc2 fxe5 14.Nxe5 Nxe5 15.Rxe5 Bd7
16.Nd2 Rc8 17.Rb1 Bf6 18.Bh7+ Kh8 19.Nf3 Qc7 20.Rbe1 Qxc3 21.Qb1 Bxe5 22.Nxe5 Be8
23.h3 Qd2 24.f3 Qg5 25.Bd3 a6 26.Bg6 Rf6 27.Bd3 Qg3 28.Qd1 Qf4 29.Ng4 Rf8
30.Qb1 Bh5 31.Ne5 Qd2 32.Bg6 Rf5 33.Bxf5 exf5 34.Kh1 Rc2 35.Rg1 d4 36.Qd1 Be8
37.Qb1 Qe2 38.Qb3 Rd2 39.Qe6 Qb5 40.Re1 d3 41.a4 Qxa4 42.Qxf5 Re2 43.Qf8+ Kh7
44.Nxd3 Rxe1+ 45.Nxe1 Bg6 46.Qc5 Qd1 47.Qc3 b6 48.Kg1 Qd5 49.Kf2 a5 50.bxa5 bxa5
51.Ke3 a4 52.Nd3 Qxd3+ 53.Qxd3 Bxd3 54.Kxd3 Kg6 55.h4 Kf5 56.g3 Ke5  0-1

[Event "TCh-POL Ekstraliga"]
[Site "Lubniewice POL"]
[Date "2005.09.08"]
[Round "6"]
[White "Szymanski,M"]
[Black "Przewoznik,J"]
[Result "1-0"]
[WhiteElo "2435"]
[BlackElo "2404"]

1.d4 Nf6 2.Bg5 e6 3.e4 h6 4.Bxf6 Qxf6 5.Nc3 g6 6.Qd2 b6 7.f4 Bb7 8.Nf3 Bg7
9.O-O-O Qe7 10.Bd3 d6 11.f5 O-O 12.Qf4 Nd7 13.fxg6 fxg6 14.Qg3 Qf7 15.Kb1 g5
16.Rdf1 Qh5 17.Bc4 Rae8 18.Nb5 g4 19.Nxc7 d5 20.Nxe8 Qxe8 21.exd5 exd5 22.Bb5 gxf3
23.Rxf3 Rxf3 24.gxf3 a6 25.Rg1 Qf7 26.Qxg7+ Qxg7 27.Rxg7+ Kxg7 28.Bxd7 Kf6
29.h4 a5 30.Kc1 Kg6 31.Bg4 Kf6 32.Kd2 Bc6 33.Ke3 Be8 34.Bh3 Bb5 35.Bg2 Bd7
36.Bf1 Be6 37.Kf4 Bf7 38.Bb5 Be6 39.Bc6 Bg8 40.b3 Bf7 41.Bb5 Bg6 42.c4 Bd3
43.a4 Bc2 44.cxd5 Bxb3 45.d6 Be6 46.d7 Ke7 47.Ke5  1-0

[Event "FSGM September"]
[Site "Budapest HUN"]
[Date "2005.09.09"]
[Round "7"]
[White "Pitl,G"]
[Black "Bergez,L"]
[Result "0-1"]
[WhiteElo "2332"]
[BlackElo "2353"]

1.d4 Nf6 2.Bg5 e6 3.e3 c5 4.Nf3 cxd4 5.exd4 b6 6.a4 Be7 7.Nbd2 O-O 8.Bd3 Nd5
9.Bxe7 Qxe7 10.a5 Nf4 11.Bf1 bxa5 12.g3 Nd5 13.c3 Nc6 14.Bd3 e5 15.O-O exd4
16.Re1 Qd8 17.Nc4 Ba6 18.Nce5 Bxd3 19.Qxd3 Rb8 20.Nxd4 Rxb2 21.Nc4 Rb8 22.Nxc6 dxc6
23.Nxa5 Qf6 24.Qd4 Rfc8 25.Qxf6 Nxf6 26.Re7 Nd5 27.Rxa7 Nxc3 28.Nc4 Nb5 29.Rd7 Rd8
30.Rad1 Rxd7 31.Rxd7 Rc8 32.Kf1 f6 33.Ke2 Rc7 34.Rxc7 Nxc7 35.Na5 c5 36.Kd3 Ne6
37.Kc4 Ng5 38.Nb3 Nf3 39.Nxc5 Nxh2 40.Kd4 Ng4 41.f4 Kf7 42.Ke4 h5 43.Nd3 Nh6
44.Nc5 Kg6 45.Ne6 Kf7 46.Nc5 Ke7 47.Nb3 g6 48.Nd4 Nf7 49.Kd5 Kd7 50.Ne6 Ke7
51.Nd4 Nh6 52.Ke4 Kd7 53.Kf3 Kd6 54.Ke4 Nf7 55.Nf3 Nh8 56.Nd4 Ke7 57.Nc6+ Kf8
58.Nd4 Nf7 59.Nc6 Nd6+ 60.Kf3 Ke8 61.Nb4 Kd7 62.Nd5 Ke6 63.Nc7+ Kf7 64.Nd5 Nb5
65.Ke4 Ke6 66.Nb6 Nd6+ 67.Kf3 Kf5 68.Nd5 Nc8 69.Ne3+ Ke6 70.Ke4 Nd6+ 71.Kf3 Nf5
72.Nc2 Kd6 73.Nb4 Kc5 74.Na6+ Kc6 75.Nb4+ Kd6 76.Nc2 Kc5 77.Na3 Kb4 78.Nb1 Nd4+
79.Ke4 Nf5 80.Kf3 Kc4 81.Na3+ Kd3 82.Nb1 Nd4+ 83.Kf2 Nb5 84.Ke1 Ke3 85.Nd2 Nd6  0-1

[Event "EYb14"]
[Site "Herceg Novi SCG"]
[Date "2005.09.16"]
[Round "3"]
[White "Martinovic,Sa"]
[Black "Feller,S"]
[Result "1/2-1/2"]
[WhiteElo "2139"]
[BlackElo "2282"]

1.d4 Nf6 2.Bg5 e6 3.e4 h6 4.Bxf6 Qxf6 5.c3 d6 6.Bd3 e5 7.Ne2 Qd8 8.O-O Be7
9.f4 O-O 10.Nd2 Bf6 11.Nf3 Nd7 12.Qd2 c6 13.Kh1 Kh7 14.Rf2 Qe7 15.Rg1 g6
16.g4 exf4 17.Qxf4 Bg5 18.Nxg5+ hxg5 19.Qd2 b5 20.Rgf1 Nb6 21.Rf6 Bxg4 22.Qxg5 Bxe2
23.Qh4+ Kg8 24.Bxe2 Rae8 25.Bd3 Nd7 26.e5 Nxf6 27.Rxf6 dxe5 28.Bxg6 fxg6
29.Rxg6+ Qg7 30.Rxg7+ Kxg7 31.Qg5+ Kh7 32.Qh5+ Kg7 33.Qg5+ Kh7 34.dxe5 Re6
35.Qh4+ Kg7 36.Qg4+ Rg6 37.Qe2 Re8 38.h4 Rh8 39.Qe4 Kf7 40.Qf5+ Kg7 41.Qd7+ Kg8
42.Qe8+ Kg7 43.Qe7+ Kg8 44.e6 Rhh6 45.Qf7+ Kh8 46.Qf8+ Kh7 47.Qf7+ Kh8 48.Qf8+  1/2-1/2

[Event "It"]
[Site "Klaksvik FAI"]
[Date "2005.09.18"]
[Round "4"]
[White "Fries Nielsen,JO"]
[Black "Olsen,H"]
[Result "1/2-1/2"]
[WhiteElo "2381"]
[BlackElo "2325"]

1.d4 Nf6 2.Bg5 e6 3.e4 c5 4.d5 d6 5.Nc3 Be7 6.Bb5+ Bd7 7.Bxd7+ Qxd7 8.Nf3 exd5
9.Nxd5 Nxd5 10.Qxd5 Nc6 11.O-O Bxg5 12.Qxg5 O-O 13.Rad1 Qe6 14.Qd5 Rad8 15.c3 Rfe8
16.Rfe1 h6 17.Kf1 Kf8 18.Re2 Re7 19.h3  1/2-1/2

[Event "ProMoPro Open"]
[Site "Prague CZE"]
[Date "2005.09.19"]
[Round "5"]
[White "Forman,M"]
[Black "Urbanek,S"]
[Result "1/2-1/2"]
[WhiteElo "2048"]
[BlackElo "2110"]

1.d4 Nf6 2.Bg5 e6 3.Nd2 c5 4.e3 Be7 5.Ngf3 d5 6.c3 b6 7.Ne5 O-O 8.Bd3 Bb7
9.O-O Nbd7 10.f4 Ne4 11.Bxe7 Qxe7 12.Rf3 f5 13.Rh3 Nxe5 14.dxe5  1/2-1/2

[Event "Geller mem Open A"]
[Site "Odessa UKR"]
[Date "2005.09.23"]
[Round "9"]
[White "Korobkov,P"]
[Black "Matjushin,G"]
[Result "1-0"]
[WhiteElo "2400"]
[BlackElo "2443"]

1.d4 Nf6 2.Bg5 e6 3.e4 Be7 4.e5 Nd5 5.Bxe7 Qxe7 6.c4 Nb6 7.Nc3 d6 8.Nf3 Nc6
9.Qc2 dxe5 10.dxe5 O-O 11.Qe4 f5 12.exf6 gxf6 13.O-O-O Nd7 14.Qe3 Nc5 15.g4 Bd7
16.g5 f5 17.Rg1 Be8 18.Ne5 f4 19.Qe2 f3 20.Qe3 Bg6 21.Nxg6 hxg6 22.Bd3 Nxd3+
23.Rxd3 Qg7 24.Qxe6+ Qf7 25.Qxf7+ Rxf7 26.Re1 Nb4 27.Rd4 Raf8 28.a3 Nc6 29.Rde4 Rf5
30.h4 Rf4 31.Nd5 Rxe4 32.Rxe4 Rf5 33.Kd2 Kf7 34.Nxc7 Na5 35.b4 Nc6 36.Nd5 b5
37.Ne3  1-0

[Event "2nd Highlands Open A"]
[Site "Havlickuv Brod CZE"]
[Date "2005.09.29"]
[Round "6"]
[White "Cifka,S"]
[Black "Talla,V"]
[Result "1-0"]
[WhiteElo "2347"]
[BlackElo "2401"]

1.d4 Nf6 2.Bg5 e6 3.e4 h6 4.Bxf6 Qxf6 5.Nc3 d6 6.Qd2 g5 7.Bc4 Bg7 8.Nge2 Nc6
9.Rd1 Bd7 10.O-O O-O-O 11.a3 h5 12.b4 Bh6 13.b5 g4 14.bxc6 Bxd2 15.cxd7+ Kxd7
16.Rxd2 Rdg8 17.d5 Qg5 18.Rd3 Rg6 19.Rb1 Kc8 20.Nb5 Kb8 21.Nbd4 Ka8 22.Ba6 bxa6
23.Nc6 Rgg8 24.Rdb3 Qd2 25.Rb7 Qd1+ 26.Rxd1 Kxb7 27.Rb1+ Ka8 28.Nf4 Rg5 29.c4 a5
30.dxe6 Rc5 31.exf7 Rxc6 32.Ng6 Rd8 33.f8=Q Rxf8 34.Nxf8 Rxc4 35.Nd7 a6 36.Nf6  1-0

[Event "Open A"]
[Site "Hamburg GER"]
[Date "2005.10.01"]
[Round "1"]
[White "Kessler,B"]
[Black "Kempinski,R"]
[Result "0-1"]
[WhiteElo "2103"]
[BlackElo "2619"]

1.d4 Nf6 2.Bg5 e6 3.Nf3 Be7 4.Nbd2 d5 5.e3 O-O 6.Bd3 b6 7.Ne5 Bb7 8.Qf3 Nbd7
9.Qh3 Ne4 10.Bxe7 Qxe7 11.Nxd7 Qxd7 12.f3 Nf6 13.g4 g6 14.g5 Nh5 15.f4 c5
16.c3 cxd4 17.cxd4 Qa4 18.O-O Ba6 19.Bxa6 Qxa6 20.Nf3 Rac8 21.Rf2 Rc7 22.Ne5 Rfc8
23.Ng4 Rc1+ 24.Rxc1 Rxc1+ 25.Kg2 Qxa2 26.Nf6+ Nxf6 27.gxf6 h5 28.f5 exf5
29.Qg3 Qb1 30.Qb8+ Kh7 31.Rf4 Qc2+ 32.Kh3 Rg1  0-1

[Event "Open A"]
[Site "Hamburg GER"]
[Date "2005.10.01"]
[Round "1"]
[White "Fraas,H"]
[Black "Zimmermann,Man"]
[Result "1-0"]
[WhiteElo "2125"]
[BlackElo "2001"]

1.d4 Nf6 2.Bg5 e6 3.e4 Be7 4.Nd2 d5 5.e5 Nfd7 6.Bxe7 Qxe7 7.c3 f6 8.f4 f5
9.Bd3 a6 10.Qh5+ Qf7 11.Qh3 Nc6 12.Ngf3 g6 13.g4 Nf8 14.O-O-O b5 15.gxf5 exf5
16.Qh6 Ne6 17.Rhg1 Qg7 18.Qh4 Rf8 19.Ng5 Nxg5 20.Rxg5 Qe7 21.Qf2 Na5 22.h4 Be6
23.h5 gxh5 24.Rxh5 O-O-O 25.b4 Nc4 26.Nb3 Kb8 27.Nc5 Bc8 28.Bxc4 bxc4 29.Qc2 Qe8
30.Rh6 Ka7 31.Rxh7 Rf7 32.Rxf7 Qxf7 33.Qa4 Qe8 34.Qa5 Qc6 35.e6 Re8 36.Re1 Re7
37.Re5 Bxe6 38.b5  1-0

[Event "Open A"]
[Site "Hamburg GER"]
[Date "2005.10.06"]
[Round "6"]
[White "Kuhn,Gerd"]
[Black "Heika,M"]
[Result "0-1"]
[WhiteElo "2166"]
[BlackElo "2365"]

1.d4 Nf6 2.Bg5 e6 3.e4 h6 4.Bxf6 Qxf6 5.Nc3 d6 6.Qd2 Nc6 7.O-O-O g6 8.f4 Bg7
9.e5 dxe5 10.dxe5 Qe7 11.Nf3 O-O 12.Bd3 Rd8 13.Qe3 Bd7 14.g4 Be8 15.Rde1 Qb4
16.f5 Qxg4 17.fxg6 fxg6 18.Rhg1 Qh5 19.Rg3 Ne7 20.Nd4 Bf7 21.Bc4 Qh4 22.Nxe6 Qxc4
23.Nxd8 Rxd8 24.e6 Be8 25.Qe4 Qxe4 26.Rxe4 Bc6 27.Re2 g5 28.h4 Nf5 29.Rd3 Rxd3
30.cxd3 gxh4 31.e7 Bxc3 32.bxc3 Kf7 33.Rf2 Kg6 34.Re2 h3 35.d4 Nxe7  0-1

[Event "Open A"]
[Site "Hamburg GER"]
[Date "2005.10.08"]
[Round "8"]
[White "Schulz,M1"]
[Black "Souleidis,G"]
[Result "0-1"]
[WhiteElo "2235"]
[BlackElo "2421"]

1.d4 Nf6 2.Bg5 e6 3.Nf3 h6 4.Bh4 c5 5.e3 d5 6.c3 Nc6 7.Nbd2 Be7 8.Bd3 O-O
9.Qe2 b6 10.O-O-O c4 11.Bc2 b5 12.Bxf6 Bxf6 13.a3 a5 14.g4 b4 15.h4 Be7 16.Rdg1 bxa3
17.bxa3 Bxa3+ 18.Kd1 g6 19.e4 Re8 20.e5 Rb8 21.h5 g5 22.Nb1 Bf8 23.Nfd2 Re7
24.f4 Reb7 25.Qe3 Rb2 26.Kc1 Ra2 27.fxg5 Rbb2 28.Bh7+ Kxh7 29.g6+ Kh8 30.g5 Qb6
31.Kd1 Rxb1+ 32.Ke2 Rxd2+ 33.Qxd2 Rb2  0-1

[Event "Open A"]
[Site "Hamburg GER"]
[Date "2005.10.08"]
[Round "8"]
[White "Fries Nielsen,JO"]
[Black "Algra,J"]
[Result "1-0"]
[WhiteElo "2381"]
[BlackElo "2082"]

1.d4 Nf6 2.Bg5 e6 3.e4 h6 4.Bxf6 Qxf6 5.Nf3 d6 6.Nc3 c6 7.e5 Qd8 8.exd6 Bxd6
9.Bd3 Nd7 10.Qe2 Nf6 11.O-O Nd5 12.Nxd5 cxd5 13.c4 O-O 14.c5 Bc7 15.b4 Re8
16.Bc2 Qf6 17.Ne5 g6 18.f4 Kg7 19.a4 a6 20.Ra3 Bxe5 21.fxe5 Qh4 22.Qd2 Rh8
23.Raf3 Rf8 24.Rf6 Bd7 25.R1f4 Qg5 26.Qf2 h5 27.h4 Qh6 28.Kh2 Kg8 29.Rxf7  1-0

[Event "2nd Bundesliga West 2005-6"]
[Site "Austria AUT"]
[Date "2005.10.09"]
[Round "2"]
[White "Schiner,H"]
[Black "Hackbarth,W"]
[Result "1/2-1/2"]
[WhiteElo "2205"]
[BlackElo "2135"]

1.d4 Nf6 2.Bg5 e6 3.Nf3 Be7 4.e3 h6 5.Bh4 c5 6.c3 O-O 7.Nbd2 b6 8.Bd3 Bb7
9.O-O d6 10.Qe2 Nbd7 11.Rac1 Nh5 12.Bg3  1/2-1/2

[Event "Open A"]
[Site "Hamburg GER"]
[Date "2005.10.09"]
[Round "9"]
[White "Fries Nielsen,JO"]
[Black "Moeller,H"]
[Result "1-0"]
[WhiteElo "2381"]
[BlackElo "2160"]

1.d4 Nf6 2.Bg5 e6 3.e4 h6 4.Bxf6 Qxf6 5.Nf3 d6 6.c4 c5 7.Nc3 cxd4 8.Nxd4 a6
9.g3 Qd8 10.Bg2 Be7 11.O-O O-O 12.Qd2 Qc7 13.Rac1 Nd7 14.b3 Nf6 15.Nc2 Bd7
16.Ne3 Rfe8 17.f4 Qc5 18.Kh1 Bd8 19.b4 Qc7 20.c5 dxc5 21.e5 Nh7 22.Ne4 Bb5
23.Rfd1 Be7 24.bxc5 Ba4 25.Re1 Red8 26.Nd6 Bc6 27.Bxc6 Qxc6+ 28.Qg2 Rab8
29.Nec4 Qc7 30.Nb6 Bxd6 31.exd6 Rxd6 32.cxd6 Qxb6 33.d7 Rd8 34.Rc8 Nf6 35.Rxd8+ Qxd8
36.Qxb7 Qxd7 37.Qxd7  1-0

[Event "Goodbye Summer Open"]
[Site "Omis CRO"]
[Date "2005.10.10"]
[Round "1"]
[White "Brumen,D"]
[Black "Marcic,I"]
[Result "1-0"]
[WhiteElo "2362"]
[BlackElo "1996"]

1.d4 Nf6 2.Bg5 e6 3.e4 Be7 4.e5 Nd5 5.Bxe7 Qxe7 6.c4 Qb4+ 7.Qd2 Qxd2+ 8.Kxd2 Nb6
9.Nc3 d5 10.exd6 cxd6 11.Nb5 Kd7 12.Nf3 a6 13.Nc3 Ke7 14.Bd3 h6 15.h4 Rd8
16.h5 N6d7 17.a4 Nf6 18.a5 Nbd7 19.Rag1 Ng4 20.Rh4 Nxf2 21.Bc2 f5 22.Re1 Kf7
23.d5 e5 24.Bxf5 Nf6 25.Bxc8 Raxc8 26.Rf1 e4 27.Rxf2 Rxc4 28.Nxe4 Rxe4 29.Ng5+ hxg5
30.Rxe4 Kg8 31.Re7 Nxd5 32.Rxb7 Nf6 33.Re2 d5 34.Ree7 Nxh5 35.b4 Rd6 36.Rb6  1-0

[Event "Chigorin Mem"]
[Site "St Petersburg RUS"]
[Date "2005.10.17"]
[Round "3"]
[White "Elfert,A"]
[Black "Ivanov,Al3"]
[Result "0-1"]
[WhiteElo "2125"]
[BlackElo "2312"]

1.d4 Nf6 2.Bg5 e6 3.e4 h6 4.Bxf6 Qxf6 5.Nf3 d6 6.Nc3 Nd7 7.Qd2 g6 8.O-O-O Bg7
9.e5 Qd8 10.exd6 cxd6 11.Nb5 Nf6 12.Qf4 O-O 13.Bd3 a6 14.Nc3 b5 15.Ne4 Nxe4
16.Bxe4 Rb8 17.g4 b4 18.h4 a5 19.Rhe1 a4 20.g5 h5 21.Re3 Ba6 22.Bd3 Bb7 23.Be4 Qb6
24.Bxb7 Rxb7 25.Red3 Rc8 26.Kb1 Rbc7 27.Rc1 Rc4 28.Qd2 Qc6 29.d5 exd5 30.Rxd5 b3
31.c3 bxa2+ 32.Kxa2 a3 33.b3 Rxc3 34.Rxc3 Bxc3 35.Qd3 Bb4 36.Rb5 Qc2+ 37.Qxc2 Rxc2+
38.Kb1 Rb2+ 39.Kc1 Bc3 40.Rb8+ Kg7 41.Ra8 Rxf2 42.Kb1 Rxf3 43.Rxa3 Bb4 44.Ra4 Rxb3+
45.Ka2 Ra3+ 46.Rxa3 Bxa3 47.Kxa3 f6  0-1

[Event "SCG First League m"]
[Site "Vrnjacka Banja SCG"]
[Date "2005.10.17"]
[Round "1"]
[White "Miladinovic,I"]
[Black "Fontaine,R"]
[Result "1/2-1/2"]
[WhiteElo "2609"]
[BlackElo "2507"]

1.d4 Nf6 2.Bg5 e6 3.e3 c5 4.c3 b6 5.Nd2 Bb7 6.Ngf3 Be7 7.Bd3 cxd4 8.exd4 d6
9.Bxf6 Bxf6 10.Qe2 Nd7 11.O-O-O Qc7 12.Kb1 O-O-O 13.Ba6 Bxa6 14.Qxa6+ Qb7
15.Qd3 d5 16.h4 h6 17.g4 Be7 18.g5 hxg5 19.hxg5 Rxh1 20.Rxh1 Nf8 21.Qe3 Bd6
22.Ne5 Qc7 23.f4 Bxe5 24.fxe5 Ng6 25.c4 Kb8 26.Rc1 Rc8 27.c5 Ne7 28.Nb3 Nf5
29.Qd2 Qb7 30.a4 Qa6 31.Qb4 Ne3 32.cxb6 Rxc1+ 33.Nxc1 axb6 34.a5 Nc4 35.axb6 Qxb6
36.Qf8+ Ka7 37.Qxf7+ Ka6 38.Nd3 Qxd4 39.Qxe6+ Kb5 40.Qd7+ Kb6 41.Qd8+ Kb7
42.Qe7+ Kb6 43.Qb4+ Kc6 44.Qa4+ Kc7 45.Qc2 Kd8 46.Qc3 Qg1+ 47.Ka2 Qxg5 48.Qd4 Qg2
49.Qa7 Qc2 50.Qb8+ Ke7 51.Nc5 Kf7 52.e6+ Kf6 53.Qf4+ Kg6 54.Qg4+ Kh7 55.Qh5+ Kg8
56.Qf7+ Kh7  1/2-1/2

[Event "Chigorin Mem"]
[Site "St Petersburg RUS"]
[Date "2005.10.18"]
[Round "4"]
[White "Mishin,Al"]
[Black "Vlasenko,M"]
[Result "0-1"]
[WhiteElo "2323"]
[BlackElo "2406"]

1.d4 Nf6 2.Bg5 e6 3.Nd2 c5 4.e3 h6 5.Bxf6 Qxf6 6.Ne4 Qh4 7.Bd3 cxd4 8.exd4 Nc6
9.c3 d5 10.Nf3 Qf4 11.Ng3 g6 12.O-O Bg7 13.Bc2 Bd7 14.Ne2 Qd6 15.Nc1 Na5
16.Nd3 Bb5 17.Ba4 Bxa4 18.Qxa4+ Nc6 19.Nfe5 O-O 20.f4 Rfc8 21.Qd1 b5 22.a4 bxa4
23.Rxa4 a5 24.Qe2 Nxe5 25.fxe5 Qb6 26.Rfa1 Bf8 27.Qd2 Rc4 28.b4 Rac8 29.bxa5 Rxa4
30.Rxa4 Qb3 31.Ra1 Rxc3 32.Nc1 Qc4 33.a6 Ra3 34.Rxa3 Bxa3 35.a7 Qa6 36.Nb3 Qxa7
37.Qxh6 Qc7 38.Qe3 Qc2 39.h4 Be7 40.g3 Bb4 41.Kf1 Bc3  0-1

[Event "Chigorin Mem"]
[Site "St Petersburg RUS"]
[Date "2005.10.19"]
[Round "5"]
[White "Smirnov,Arte"]
[Black "Kosarev,D"]
[Result "1-0"]
[WhiteElo "2375"]
[BlackElo "2177"]

1.d4 Nf6 2.Bg5 e6 3.e4 h6 4.Bxf6 Qxf6 5.Nc3 d6 6.Qd2 g5 7.Bc4 Bg7 8.Nge2 Nc6
9.Rd1 Bd7 10.O-O Qe7 11.Nb5 O-O-O 12.d5 exd5 13.exd5 Ne5 14.Qa5 Bxb5 15.Bxb5 a6
16.Bxa6 c5 17.Bb5 f5 18.Nc3 Qc7 19.Qa8+ Qb8 20.Qa4 Rhf8 21.Rfe1 Rf7 22.Bf1 Ng6
23.Nb5 Be5 24.b4 b6 25.bxc5 dxc5 26.d6 Rdd7 27.Rd5  1-0